Animals Starting With I - Statistics

General Stats
  • This quiz has been taken 67 times
  • The average score is 4 of 13
Answer Stats
Picture Answer % Correct
Iguana
96%
Indian Elephant
81%
Indochinese Tiger
56%
Indian Rhinoceros
54%
Impala
44%
Irish WolfHound
31%
Irish Setter
26%
Indri
13%
Insects
6%
Immortal Jellyfish
2%
Imperial Moth
2%
Indian Giant Squirrel
2%
Indian Star Tortoise
2%
No matching quizzes found
Score Distribution
Percent of People with Each Score
Percentile by Number Answered
Your Score History
You have not taken this quiz